| 000 | 00498cam a2200205ua 4500 | ||
|---|---|---|---|
| 020 | _cRs 1.75 | ||
| 041 |
_aeng _h |
||
| 082 |
_a300 _bNAI/SA |
||
| 100 | _aNair, V G . | ||
| 245 |
_aSamuhya pada bhodanam / _cV G Nair. _hTextual Documents |
||
| 250 |
_a1 / _b. |
||
| 260 |
_aKottayam : _bVidyarthi Mitram Book Depo , _c1957. |
||
| 300 | _a118 ; . | ||
| 365 | _aRs 1.75 | ||
| 504 | _a | ||
| 700 | 1 | _aMathew, John . | |
| 700 | 1 | _aThomas, C T . | |
| 942 | _cBK | ||
| 999 |
_c326 _d326 |
||